Filtration : Equipment Selection Modeling and Process Simulation

Salvato in:
Dettagli Bibliografici
Autore principale: Wakeman, Richard J. (Autore)
Natura: Libro
Lingua:inglese
Pubblicazione: Langford Lane : Elsevier Advances Technology, 1999
Edizione:1. vyd.
Tags: Aggiungi Tag
Nessun Tag, puoi essere il primo ad aggiungerne!!

MARC

LEADER 00000nam a22000003a 4500
001 stu51747
005 20190206122839.5
008 000126s1999----uk------------------eng-d
020 |a 1856173453 
040 |a STU  |b slo 
041 0 |a eng 
044 |a uk 
080 |a 66.067.1 
100 1 |a Wakeman, Richard J.  |4 aut 
245 1 |a Filtration :  |b Equipment Selection Modeling and Process Simulation 
250 |a 1. vyd. 
260 |a Langford Lane :  |b Elsevier Advances Technology,  |c 1999 
300 |a 446 s 
996 |c J*96563  |l JJK5  |s P  |a 0  |w stu51747_0001